| 000 | 02074nam0a2200349 4500 | ||
|---|---|---|---|
| 001 | RU\NLR\bibl\821651 | ||
| 005 | 20250614135432.0 | ||
| 010 |
_a5-9282-0239-3 _9180 |
||
| 021 |
_aRU _b2005-31643 _91583 |
||
| 035 | _a(NLR Aleph) 000810562 | ||
| 090 |
_a1238527 _c1238527 |
||
| 100 | _a20050719d2005 |||y0rusy50 ca | ||
| 101 | 0 | _arus | |
| 102 | _aRU | ||
| 105 | _aa ||||||||| | ||
| 200 | 1 |
_aВыполнение расчетно-графических работ по сопротивлению материалов с использованием MathCAD _eучебное пособие для студентов, обучающихся по направлению 653500 "Строительство" _fС.В. Бакушев _gМ-во образования и науки Рос. Федерации, Федер. агентство по образованию, Пенз. гос. ун-т архит. и стр-во |
|
| 210 |
_aПенза _cПГУАС _d2005 |
||
| 215 |
_a196 с. _cил. _d20 |
||
| 225 | 1 | _aСопротивление материалов | |
| 300 | _aЗагл. обл.: Выполнение расчетно-графических работ с использованием MathCAD | ||
| 320 | _aБиблиогр.: с. 155-156 (30 назв.) | ||
| 512 | 0 | _aВыполнение расчетно-графических работ с использованием MathCAD | |
| 606 | 1 |
_aСопротивление материалов _jУчебные издания для высших учебных заведений _xЗадачи _xРешение на компьютерах _92146500 _3RU\NLR\auth\661293147 |
|
| 606 | 1 |
_aMATHCAD, пакет прикладных программ _jУчебные издания для высших учебных заведений _92077446 _3RU\NLR\auth\661253075 |
|
| 686 | _aЖ121с116я73-1 | ||
| 700 | 1 |
_aБакушев _bС. В. _gСергей Васильевич _4070 |
|
| 801 | 0 |
_aRU _bNLR _c20050719 _gPSBO |
|
| 801 | 1 |
_aRU _bNLR _c20050719 |
|
| 942 | _cBOOK | ||
| 980 | _aNB | ||
| 980 | _aNBR | ||